000 00207nam a2200097Ia 4500
008 190216s9999||||xx |||||||||||||| ||und||
100 _aRomayil Roins
245 0 _aJin Christof
260 _bNull
942 _cBK
999 _c13173
_d13173